00583nam a2200145 i 450000100060000000300090000600500170001500700030003200800410003511101070007624501480018326000310033171000520036285200230041420034ES-MaACL20230906152223.0t|021114s1918 sp ||||1| spa d2 aAsamblea del Colegio de Médicos de la Provincia de Gerona (n21ª.d1918. cCastellón de Ampurias)10aXXI asamblea anual del Colegio de Médicos de la Provincia de Gerona celebrada en 26 de agosto de 1918 en la villa de Castellón de Ampurias. aGerona : b[s.n.], c1918.2 aColegio de Médicos de la Provincia de Gerona. aES-MaACLj1568-F-2